书目信息 |
| 题名: |
23位大学生的求职遭遇
|
|
| 作者: | 卞庆奎 主编 | |
| 分册: | ||
| 出版信息: | 北京 中国城市出版社 2005.01 |
|
| 页数: | 255页 | |
| 开本: | 21cm | |
| 丛书名: | ||
| 单 册: | ||
| 中图分类: | G647.38 | |
| 科图分类: | ||
| 主题词: | 大学生--职业选择 | |
| 电子资源: | ||
| ISBN: | 7-5074-1671-2 | |
| 000 | 00825nam0 2200217 450 | |
| 001 | 0151702156 | |
| 005 | 20050623173245.47 | |
| 010 | @a7-5074-1671-2@dCNY18.00 | |
| 100 | @a20050404d2005 km y0chiy0120 ea | |
| 101 | 0 | @achi |
| 102 | @aCN@b110000 | |
| 105 | @ay z 000yy | |
| 200 | 1 | @a23位大学生的求职遭遇@A23 wei da xue sheng de qiu zhi zao yu@f卞庆奎主编@Fbian qing kui zhu bian |
| 210 | @a北京@c中国城市出版社@d2005.01 | |
| 215 | @a255页@d21cm | |
| 330 | @a本书是一部大学生求职故事的作品集。书中收录的文章都是大学生根据自己的亲身经历撰写而成,其中有他们辛酸的经历,不懈的努力,失败的教训,成功的经验,读来真实感人,对大学生求职提供了很好的参考指导价值。 | |
| 606 | 0 | @a大学生@x职业选择 |
| 690 | @aG647.38@v4 | |
| 701 | 0 | @a卞庆奎@Abian qing kui@4主编 |
| 801 | 0 | @aCN@bRULIN@c20050623 |
| 905 | @a10447@dG647.38@eB798 | |
| 23位大学生的求职遭遇/卞庆奎主编.-北京:中国城市出版社,2005.01 |
| 255页;21cm |
| ISBN 7-5074-1671-2:CNY18.00 |
| 本书是一部大学生求职故事的作品集。书中收录的文章都是大学生根据自己的亲身经历撰写而成,其中有他们辛酸的经历,不懈的努力,失败的教训,成功的经验,读来真实感人,对大学生求职提供了很好的参考指导价值。 |
| ● |
| 相关链接 |
|
|
|
正题名:23位大学生的求职遭遇
索取号:G647.38/B798
 
预约/预借
| 序号 | 登录号 | 条形码 | 馆藏地/架位号 | 状态 | 备注 |
| 1 | 520996 | 205209969 | 社科库409/409社科库 13排2列3层/ [索取号:G647.38/B798] | 在馆 | |
| 2 | 520997 | 205209978 | 社科库409/409社科库 13排2列3层/ [索取号:G647.38/B798] | 在馆 | |
| 3 | 520998 | 205209987 | 社科库409/409社科库 13排2列3层/ [索取号:G647.38/B798] | 在馆 | |
| 4 | 520999 | 205209996 | 社科库409/422社科库 43排1列4层/ [索取号:G647.38/B798] | 在馆 | |
| 5 | 521000 | 205210001 | 社科库409/422社科库 43排1列4层/ [索取号:G647.38/B798] | 在馆 |